CLINICAL DIAGNOSIS IN AYURVEDA (Record no. 11528)

MARC details
000 -LEADER
fixed length control field 00292nam a22001337a 4500
003 - CONTROL NUMBER IDENTIFIER
control field SGT
082 ## - DEWEY DECIMAL CLASSIFICATION NUMBER
Classification number 610
Item number C15S
100 ## - MAIN ENTRY--PERSONAL NAME
Personal name SRINIVASULU, M
245 ## - TITLE STATEMENT
Title CLINICAL DIAGNOSIS IN AYURVEDA
260 ## - PUBLICATION, DISTRIBUTION, ETC. (IMPRINT)
Place of publication, distribution, etc DELHI
Name of publisher, distributor, etc CHAUKHAMBHA PUB
Year of Publication 2015
300 ## - PAGE DESCRIPTION
No. of Pages 592
650 ## - SUBJECT ADDED ENTRY--TOPICAL TERM
Topical term or geographic name as entry element AYURVEDA
942 ## - ADDED ENTRY ELEMENTS (KOHA)
Source of classification or shelving scheme Dewey Decimal Classification
Koha item type Books
942 ## - ADDED ENTRY ELEMENTS (KOHA)
-- 3
Holdings
Withdrawn status Lost status Source of classification or shelving scheme Damaged status Use restrictions Not for loan Collection code Home library Current library Shelving location Date acquired Vendor Name Cost, normal purchase price SGTU Bill Number Full call number Accession No. (Barcode) Date last seen Bill Date Koha item type Total Checkouts Date last borrowed
    Dewey Decimal Classification   Restricted Access   AYURVEDA SGT FA-FP Library SGT FA-FP Library Reference Book 18/04/2017 CHAUKHAMBHA PUB 425.00 SGTU 55/17-18 610 C15S FA6579 16/11/2019 06/04/2017 Books    
    Dewey Decimal Classification       AYURVEDA SGT FA-FP Library SGT FA-FP Library Text Book 18/04/2017 CHAUKHAMBHA PUB 425.00 SGTU 55/17-18 610 C15S FA6580 08/09/2017 06/04/2017 Books 2 22/08/2017
    Dewey Decimal Classification       AYURVEDA SGT FA-FP Library SGT FA-FP Library Text Book 18/04/2017 CHAUKHAMBHA PUB 425.00 SGTU 55/17-18 610 C15S FA6581 18/04/2017 06/04/2017 Books    
    Dewey Decimal Classification       AYURVEDA SGT FA-FP Library SGT FA-FP Library Text Book 18/04/2017 CHAUKHAMBHA PUB 425.00 SGTU 55/17-18 610 C15S FA6582 22/02/2019 06/04/2017 Books 4 09/02/2019
    Dewey Decimal Classification       AYURVEDA SGT FA-FP Library SGT FA-FP Library Text Book 18/04/2017 CHAUKHAMBHA PUB 425.00 SGTU 55/17-18 610 C15S FA6583 08/06/2026 06/04/2017 Books 7 23/05/2026